000 00635nam a2200277Ia 4500
005 20260324123129.0
008 008 260324s9999 xx 000 0 eng d
020 _a9780429066061
037 _aEBOOK
040 _aCRL
040 _beng
040 _cCRL
041 _2eng
041 _aeng
084 _qCRL
100 _aVincent G. Duffy
245 0 _aAdvances in Human Aspects of Healthcare
260 _bTaylor and Francis
260 _c2012
365 _a
365 _b340
856 _uhttp://www.taylorfrancis.com/books/9780429066061
942 _cEBOOK
999 _c1762394
_d1762394